SOPRANNOMI - Statistics

Statistiche generali
  • Questo quiz è stato fatto 8 volte
    6 dall'ultimo reset
  • Il punteggio medio è 16 su 69
Statistiche sulle risposte
NOMI SOPRANNOMI % Corretto
PIETRO POLLINI POLLO
100%
GIUSEPPE SEVERI BEPPE
50%
PIETRO POLLINI CHICK
50%
PIETRO POLLINI CHICKEN
50%
MATTEO MIGLIACCIO BALU
33%
PIETRO SIMOTTI BIGU
33%
ALESSANDRO BOVENGA BOVINO
33%
FEDERICO BROGI BRANK
33%
FEDERICO BROGI BRENCH
33%
FEDERICO BROGI BROGIO
33%
EDOARDO SONZOGNI CAPO
33%
PIETRO SIMOTTI CAZZONE
33%
PIETRO POLLINI DISPETTOSO
33%
RICCARDO TEI DOC
33%
ANDREA RABAGLI DREAMER
33%
RICCARDO TEI ER NINJA
33%
FEDERICO PRINA FEDE
33%
MATTIA SARNO IL SIUM
33%
MATTIA ORSOLINI ORSO
33%
FILIPPO BORSCIA PIPPO
33%
RICCARDO TEI RICCI
33%
RICCARDO TEI SCIAMANO
33%
EDOARDO SONZOGNI SOMMO
33%
GIUSEPPE SEVERI 36 VINCITORE DELLA COPPA AMERICANA
17%
TOMMASO PECCIANTI AVIA
17%
PIETRO POLLINI BOLLUB
17%
ETTORE BIAGIOLI BONOBO
17%
RICCARDO TEI BOTTA
17%
LUIS FERNANDO GIACHI BARICCI BRIGANTE
17%
ELIA FIASCHI CARMINE
17%
SAGAR GURUNG CHOI IL GUN
17%
FILIPPO BORSCIA CIPPO
17%
NICCOLO CUPANI CUPETTI
17%
MATTIA ORSOLINI EBREO
17%
EDOARDO SONZOGNI EDLONDON
17%
EDOARDO SONZOGNI ENGLISH
17%
PIETRO POLLINI ER CINA
17%
PIETRO POLLINI FURIA
17%
ALESSANDRO DEMICHELE GATTI
17%
GIUSEPPE SEVERI GIUGIO
17%
MATTEO RUSTICI GOBLIN LANCERE
17%
TOMMASO MAGGIOLINI HERMANO
17%
GIOVANNI PERRELLA IL MINI SIUM
17%
ANDREA RABAGLI IL PIU CATTIVO D'ITALIA
17%
GIUSEPPE SEVERI IVAN BORGOV
17%
ANDREA RABAGLI LIL DREAM
17%
MATTEO MIGLIACCIO LIL MILES
17%
ALESSANDRO BOVENGA LINK IN BIO
17%
FILIPPO BORSCIA MATTO
17%
ENRICO VIVARELLI COLONNA MIO FRATELLO ENRICO
17%
FILIPPO BORSCIA MISTER
17%
MATTEO MIGLIACCIO MONO
17%
LUIS FERNANDO GIACHI BARICCI NANDO IL PIZZAIOLO
17%
SAGAR GURUNG NEGRO
17%
ELIA FIASCHI O ZIO
17%
GABRIELE GIANNINI PISCINA
17%
ALESSANDRO BOVENGA PRINCIPE
17%
RICCARDO TEI RICHARD
17%
RAFFAELE SBORDONE SBORRONE
17%
MATTEO MIGLIACCIO SCIMMIA
17%
TOMMASO PECCIANTI SKIPPER
17%
ETTORE BIAGIOLI SUPERCANNOLO
17%
ELIA FIASCHI TARZAN
17%
LUIS FERNANDO GIACHI BARICCI TESTONE
17%
MATTEO MIGLIACCIO TRISTE
17%
RAFFAELE CORVINO VAME
17%
SAGAR GURUNG WHITY
17%
MATTEO MIGLIACCIO MIGLIACCINO
0%
ALESSANDRO BOVENGA TUTTOLOGO
0%
Nessun quiz corrispondente trovato
Distribuzione punteggi
Percentuale di utenti per punteggio
Percentile per numero di risposta
I tuoi punteggi nel tempo
Non hai fatto questo quiz dall'ultimo reset